Quizzes
Events
Quiz Creation
Community
Videos
Private Events
Remove Ads
Sign In
Join for FREE
Feedback
Dark Mode
Quiz Categories
Sports
Geography
Music
Movies
Television
Just For Fun
Miscellaneous
History
Literature
Language
Science
Gaming
Entertainment
Religion
Holiday
For Kids
Quiz Lab
Recent
Popular Today
Quiz Kudos Today
Editor Picks
Curator Picks
Quizzes by...
Day
Popularity
Type
Ratings
Length
Year
Community
Subscriptions
Recent Discussions
Orange Saloon
Badges
Playlists
Quests
Create
Leaderboards
Showdown
Live 5
Trivia Bingo
Activity
Puzzle Library
Sporcle Events
Private Events
Virtual Trivia
Globe League
Become a Host
Pub Owners
SporcleCon
Opinionation
Our Games
Videos
Blog
Mobile Apps
Partnerships
Remove Ads and Go Orange
Feedback
Sports
Athletes
MLB
NBA
NHL
NFL
Soccer
Sports Teams
WWE
NCAA
Football
Premier League
Basketball
Baseball
Hockey
Golf
Tennis
Cricket
Rugby
Auto Racing
Olympics
World Cup
Sports
Athletes
MLB
NBA
NHL
NFL
Soccer
Sports Teams
WWE
NCAA
Football
Premier League
Basketball
Baseball
Hockey
Golf
Tennis
Cricket
Rugby
Auto Racing
Olympics
World Cup
Random Quiz
Search Sporcle
×
Quiz Lab
Quiz Lab
Sports
Soccer
Type in answers that appear in a list
Type in answers that appear in a list
Classic
Best Score? Go Orange.
Matthias Sindelar Stats
Can you answer the questions about Matthias Sindelar?
By
johnmathieson18
10m
7 Questions
19 Plays
19 Plays
19 Plays
Comments
Comments
Give Quiz Kudos
Give Quiz Kudos
-
- Ratings
hide this ad
More Info
Replay
Link that replays current quiz
Next Quiz
Link to next quiz in quiz playlist
You Got
0%
They Got
Avg Score
68%
Avg Friend Score
Upgrade to see
Score Distribution
Jump to the score distribution portion of the page
Score
0/7
Timer
10:00
0
Plays Today
Hint
Answer
% Correct
What Nationality is Matthias Sindelar
Austrian
100%
what group was linked controversially to Sindelars death
Nazi's
78.9%
How many Central European International Cups did Sindelar win
1
78.9%
Sindelar won the league once in his career what year was it in
1926
63.2%
Sindelar made 43 caps for his nation but how many goals did he score in that time
26
57.9%
In 1924 Sindelar moved from Hertha Vienna who he has joined at 15 years old to Wiener Amateur-
SV. In 1926 the team changed their name what is the club called now
FK Austrian Vienna
52.6%
What was Sindelars name due to his small frame and athletic movement
The paper man
47.4%
Quiz Playlist
Details
Report
Send in Message
Add To Playlist
More Info:
There isnt much information on the great Matthias Sindelar
Classic:
Type in answers that appear in a list
Last Updated: Mar 25, 2019
Quiz Scoreboard
CHALLENGE
Sign Up to Join the Scoreboard
Show All
Scores
Hide
Comments
May contain spoilers
Recently Published
1-10 Letter E Words III
by El_Dandy
Language
2m
One Thing in Common: World Cities II
by knightlancer
Geography
7m
Popular People in 1961
by mucciniale
History
6m
More to Explore
Quiz From the Vault
Featured Blog Post
Where Did the Easter Bunny Come From?
hide this ad
You Might Also Like...
Tags
Football Quiz
Soccer Quiz
Football Award
Football International
Football Leaders
Football Players
Football Roster
Football World
Today's Top Quizzes in Sports
Browse Sports
hide this ad
Today's Top Quizzes in Soccer
Browse Soccer
Top Contributed Quizzes in Sports
1
2022 World Cup Stars
2
Les entraîneurs de l'OM et du PSG au 21e siècle
3
FIFA Club World Cup Champions
4
MLB Players with Two .350 Batting Average Seasons
5
Criteria MLB: Left Handed Sluggers
6
Les meilleurs buteurs des matchs entre le PSG et l’OM
7
MLB Hall of Famer by Rings
8
Name the Premier League winners with different clubs
9
NFL Resumes by Logo: Quarterbacks
10
Pitchers With Multiple No-Hitters
Explore More
Trending Topics
NBA
Disney
Kpop
Marvel
Anime
Harry Potter
Crossword
Puzzle
The Office
WWE
Soccer
Country
Pokémon
Song
NFL
hide this ad
More By:
johnmathieson18
Quiz
Plays
Rating
Category
Featured
Created
Football Teams XI for the decade 2010-2020
2,364
2.75
Sports
Feb 28, 2020
Football international XI of the 21st Century
2,294
4.67
Sports
Feb 27, 2020
Still Game
1,903
4.50
Television
Oct 21, 2016
Greatest Players to ever play in the premier league?
652
3.00
Sports
Nov 2, 2017
Top 200 Footballers of 2017
649
2.00
Sports
Jul 19, 2017
Go to Creator's Profile
Score Distribution
Quiz Creator Spotlight
johnmathieson18
Follow
Send a Message
Quizzes Created
-
Created Quiz Play Count
-
More By This Creator
Popular Quizzes Today
1
Find the US States - No Outlines Minefield
2
The Countries of the World
3
Popular People in 1961
4
Find the Countries of Europe - No Outlines Minefield
5
1-10 Letter E Words III
6
Find the US States
7
US States
8
One Thing in Common: World Cities II
More Sports Quizzes
Euro 2020 Knockout Bracket Challenge
Quiz Lab
Trending Quizzes
Get the Picture: Carrie or Dolly
Country Music Stars Doing Things
1-10 Letter F Words
1-10 Letter G Words
Risky Map Clicking: Next State Alphabetically
Recently Updated
Leaping Animals
pecheneg
Reality TV Shows (A-Z)
bhenderson79
Rickey Henderson's Hall of Fame Teammates
pecheneg
Champions League XIs: Arsenal
pecheneg
Quick Pick: Celebrities in WWE's Hall of Fame
aduchscher
A-Z Keypad Blitz II
pecheneg
Multiple Oscar Actors
pecheneg
Mystery Phrase Blitz: Oscar 'Best Actors'
pecheneg
F. Scott Fitzgerald Novels
LTH
Pick 3 Villains
ddd62291
Trending Topics
Disney
NBA
Marvel
Crossword
Kpop
Harry Potter
Anime
WWE
Soccer
Song
NFL
Pokémon
The Office
Puzzle
Country
Your Account Isn't Verified!
In order to create a playlist on Sporcle, you need to verify the email address you used during registration. Go to your
Sporcle Settings
to finish the process.
Report this User
Report this user for behavior that violates our
Community Guidelines
.
Details:
Send Report
Go to the Sporcle.com Mobile Site →
Comments